Les villes les plus peuplées d'Europe commençant par O - Statistiques

Statistiques générales
  • Ce quiz a été pris 73 fois
  • Le résultat moyen est 3 sur 10
Statistiques - réponses
Pays Population Villes % Correct
Norvège 709 000 Oslo
99%
Ukraine 1 010 000 Odessa
64%
Espagne 217 000 Oviedo
43%
Finlande 212 000 Oulu
25%
République Tchèque 282 000 Ostrava
22%
Russie 1 144 000 Oufa
12%
Allemagne 208 000 Oberhausen
6%
Russie 543 000 Orenbourg
6%
Russie 303 000 Orel
3%
Russie 617 000 Oulianovsk
3%
Aucun quiz correspondant
Distribution des résultats
% des personnes avec chaque résultat
Percentile par nombre de réponses
Votre historique - résultats
Vous n’avez pas pris ce quiz